La fragmentación del poder europeo / (Record no. 180182)

MARC details
000 -LEADER
campo de control de longitud fija 00897nam a2200265 i 4500
001 - NÚMERO DE CONTROL
campo de control 180182
003 - IDENTIFICADOR DE NÚMERO DE CONTROL
campo de control ES-MaACL
005 - FECHA Y HORA DE LA ÚLTIMA TRANSACCIÓN
campo de control 20231023194507.0
008 - DATOS DE LONGITUD FIJA--INFORMACIÓN GENERAL
campo de control de longitud fija 120511s2011 sp |||| | spa d
020 ## - NÚMERO INTERNACIONAL ESTÁNDAR DEL LIBRO
Número Internacional Estándar del Libro 978-84-9888-357-2
080 ## - NÚMERO DE LA CLASIFICACIÓN DECIMAL UNIVERSAL
Número de la Clasificación Decimal Universal 327(4-672 UE)
100 1# - ENTRADA PRINCIPAL--NOMBRE DE PERSONA
Nombre de persona Torreblanca, José I.
9 (RLIN) 149999
245 13 - MENCIÓN DEL TÍTULO
Título La fragmentación del poder europeo /
Mención de responsabilidad, etc. José Ignacio Torreblanca.
250 ## - MENCION DE EDICION
Mención de edición 1ª ed.
260 ## - PUBLICACIÓN, DISTRIBUCIÓN, ETC.
Lugar de publicación, distribución, etc. Barcelona :
Nombre del editor, distribuidor, etc. Icaria ;
Lugar de publicación, distribución, etc. Madrid :
Nombre del editor, distribuidor, etc. Estudios de Política Exterior,
Fecha de publicación, distribución, etc. 2011.
300 ## - DESCRIPCIÓN FÍSICA
Extensión 229 p. ;
Dimensiones 22 cm.
490 1# - MENCIÓN DE SERIE
Mención de serie Icaria antrazyt ;
Designación de volumen o secuencia 355
504 ## - NOTA DE BIBLIOGRAFÍA, ETC.
Nota de bibliografía, etc. Referencias bibliográficas.
610 27 - PUNTO DE ACCESO ADICIONAL DE MATERIA--NOMBRE DE ENTIDAD CORPORATIVA
Nombre de entidad corporativa o nombre de jurisdicción como elemento de entrada Unión Europea-
Subdivisión general Política exterior.
9 (RLIN) 141315
830 0# - PUNTO DE ACCESO ADICIONAL DE SERIE-TÍTULO UNIFORME
Título uniforme Icaria antrazyt
Designación de volumen o secuencia 355
9 (RLIN) 177286
852 ## - LOCALIZACIÓN
Ubicación ES-MaACL
Número de control de estantería A-12092
itemnumber 187092
Sublocalización o colección R.147193
Ubicación en estantería Depósito 1
Signatura antigua Olim: N-5097
942 ## - ELEMENTOS DE ENTRADA SECUNDARIOS (KOHA)
Fuente del sistema de clasificación o colocación Clasificación decimal universal
Tipo de ítem Koha Libro impreso
Holdings
Estatus retirado Estado de pérdida Fuente del sistema de clasificación o colocación Estado de daño No para préstamo Biblioteca de origen Biblioteca actual Ubicación en estantería Fecha de adquisición Fuente de adquisición Total de préstamos Signatura topográfica completa Código de barras Visto por última vez Precio de reemplazo Tipo de ítem Koha
    Clasificación decimal universal     Biblioteca del Ateneo de Madrid Biblioteca del Ateneo de Madrid Depósito 1 11/05/2012 Donación   A-12092 1189323 23/02/2023 23/02/2023 Libro impreso